| 000 | 003610000a22001570004500 | ||
|---|---|---|---|
| 003 | MACL | ||
| 040 | _aMACL | ||
| 090 |
_c33189 _d33187 |
||
| 100 | _aDatason, Dr R P | ||
| 245 | _aCDS Combined Defence Exam Guide | ||
| 260 |
_bNew Light Publishers _c2003 |
||
| 350 | _a215 | ||
| 650 | _aMilitery Science | ||
| 942 |
_cBOOK _k355.6/DAT |
||
| 951 | _o355.6/DAT BOOK | ||
| 999 |
_c32841 _d32841 |
||